| 000 -LEADER |
| fixed length control field |
01777cam a22003738i 4500 |
| 001 - CONTROL NUMBER |
| control field |
22917339 |
| 005 - DATE AND TIME OF LATEST TRANSACTION |
| control field |
20241021151952.0 |
| 008 - FIXED-LENGTH DATA ELEMENTS--GENERAL INFORMATION |
| fixed length control field |
230104s2024 nju b 001 0 eng |
| 010 ## - LIBRARY OF CONGRESS CONTROL NUMBER |
| LC control number |
2023000040 |
| 020 ## - INTERNATIONAL STANDARD BOOK NUMBER |
| International Standard Book Number |
9780138091675 |
| Qualifying information |
(hardcover) |
| 020 ## - INTERNATIONAL STANDARD BOOK NUMBER |
| International Standard Book Number |
0138091676 |
| Qualifying information |
(hardcover) |
| 040 ## - CATALOGING SOURCE |
| Original cataloging agency |
DLC |
| Language of cataloging |
eng |
| Description conventions |
rda |
| Transcribing agency |
DLC |
| 042 ## - AUTHENTICATION CODE |
| Authentication code |
pcc |
| 050 00 - LIBRARY OF CONGRESS CALL NUMBER |
| Classification number |
QA76.9.A25 |
| Item number |
S685 2024 |
| 082 00 - DEWEY DECIMAL CLASSIFICATION NUMBER |
| Classification number |
280 SCB |
| 100 1# - MAIN ENTRY--PERSONAL NAME |
| Personal name |
Stallings, William, |
| Relator term |
author. |
| 245 10 - TITLE STATEMENT |
| Title |
Computer security : |
| Remainder of title |
principles and practice / |
| Statement of responsibility, etc. |
William Stallings, Lawrie Brown, UNSW Canberra at the Australian Defence Force Academy. |
| 250 ## - EDITION STATEMENT |
| Edition statement |
Fifth edition. |
| 263 ## - PROJECTED PUBLICATION DATE |
| Projected publication date |
2304 |
| 264 #1 - PRODUCTION, PUBLICATION, DISTRIBUTION, MANUFACTURE, AND COPYRIGHT NOTICE |
| Place of production, publication, distribution, manufacture |
Hoboken, NJ : |
| Name of producer, publisher, distributor, manufacturer |
Pearson Education, Inc., |
| Date of production, publication, distribution, manufacture, or copyright notice |
[2024] |
| 300 ## - PHYSICAL DESCRIPTION |
| Extent |
pages cm |
| 336 ## - CONTENT TYPE |
| Content type term |
text |
| Content type code |
txt |
| Source |
rdacontent |
| 337 ## - MEDIA TYPE |
| Media type term |
unmediated |
| Media type code |
n |
| Source |
rdamedia |
| 338 ## - CARRIER TYPE |
| Carrier type term |
volume |
| Carrier type code |
nc |
| Source |
rdacarrier |
| 504 ## - BIBLIOGRAPHY, ETC. NOTE |
| Bibliography, etc. note |
Includes bibliographical references and index. |
| 520 ## - SUMMARY, ETC. |
| Summary, etc. |
"Since the fourth edition of this book was published, the field has seen continued innovations and improvements. In this new edition, we try to capture these changes while maintaining a broad and comprehensive coverage of the entire field. There have been a number of refinements to improve pedagogy and user-friendliness, updated references, and mention of recent security incidents, along with a number of more substantive changes throughout the book"-- |
| Assigning source |
Provided by publisher. |
| 650 #0 - SUBJECT ADDED ENTRY--TOPICAL TERM |
| Topical term or geographic name entry element |
Computer security. |
| 9 (RLIN) |
570 |
| 650 #0 - SUBJECT ADDED ENTRY--TOPICAL TERM |
| Topical term or geographic name entry element |
Computer networks |
| General subdivision |
Security measures. |
| 9 (RLIN) |
466 |
| 700 1# - ADDED ENTRY--PERSONAL NAME |
| Personal name |
Brown, Lawrie, |
| Relator term |
author. |
| 9 (RLIN) |
94106 |
| 856 ## - ELECTRONIC LOCATION AND ACCESS |
| Uniform Resource Identifier |
<a href="http://10.250.8.41:8080/xmlui/handle/123456789/47249">http://10.250.8.41:8080/xmlui/handle/123456789/47249</a> |
| 906 ## - LOCAL DATA ELEMENT F, LDF (RLIN) |
| a |
7 |
| b |
cbc |
| c |
orignew |
| d |
1 |
| e |
ecip |
| f |
20 |
| g |
y-gencatlg |
| 942 ## - ADDED ENTRY ELEMENTS (KOHA) |
| Source of classification or shelving scheme |
|
| Koha item type |
Book |